LIBRARY & INFORMATION CENTRE, KCAET, TAVANUR

ONLINE PUBLIC ACCESS CATALOGUE (OPAC)

Extension strategies for agricultural and rural development (Record no. 13785)

MARC details
000 -LEADER
fixed length control field 00316nam a22001217a 4500
020 ## - INTERNATIONAL STANDARD BOOK NUMBER
ISBN 9788170356417
082 ## - DEWEY DECIMAL CLASSIFICATION NUMBER
Classification number 307.762
Item number SIN/EX
245 ## - TITLE STATEMENT
Title Extension strategies for agricultural and rural development
260 ## - PUBLICATION, DISTRIBUTION, ETC. (IMPRINT)
Place of publication Delhi
Name of publisher Daya Publishing house
Year of publication 2010
300 ## - PHYSICAL DESCRIPTION
Number of Pages 437 p
700 ## - ADDED ENTRY--PERSONAL NAME
Personal name Singh, Ashok K
942 ## - ADDED ENTRY ELEMENTS (KOHA)
Koha item type Books
Holdings
Withdrawn status Lost status Damaged status Collection code Home library Current library Shelving location Date acquired Source of acquisition Cost, normal purchase price Full call number Accession Number Koha item type
      Non-fiction KAUAET KAUAET General Stacks 31/03/2012 Universal Research Books, TCR 1500.00 307.762 SIN/EX 23351 Books
free website counter